<A> new specification for aggregate employment in the U.K.
Problematika európskej zamestnanosti s dôrazom na veľkú Britániu. Vyrovnávanie úhrnného dopytu po pracovnej sile s reálnymi mzdami a reálnym úhrnným dopytom celkovým ako kľúčové variabilné veličiny v problematike európskej zamestnanosti. Model otvorenej ekonomiky použitý pre odvodenie novej špecifik...
Saved in:
| Main Author: | |
|---|---|
| Format: | Book Chapter |
| Language: | English |
| Subjects: | |
| Tags: |
No Tags, Be the first to tag this record!
|
MARC
| LEADER | 00000naa a2200000 4500 | ||
|---|---|---|---|
| 001 | r010813 | ||
| 005 | 20221130112826.3 | ||
| 041 | 0 | |a eng | |
| 044 | |a NL | ||
| 245 | 1 | 0 | |a <A> new specification for aggregate employment in the U.K. |c V. Bhaskar |
| 520 | |a Problematika európskej zamestnanosti s dôrazom na veľkú Britániu. Vyrovnávanie úhrnného dopytu po pracovnej sile s reálnymi mzdami a reálnym úhrnným dopytom celkovým ako kľúčové variabilné veličiny v problematike európskej zamestnanosti. Model otvorenej ekonomiky použitý pre odvodenie novej špecifikácie úhrnnej zamestnanosti. | ||
| 610 | 2 | 0 | |a zamestnanosť |
| 610 | 2 | 0 | |a Veľká Británia |
| 610 | 2 | 0 | |a Európa |
| 610 | 2 | 0 | |a dopyt |
| 610 | 2 | 0 | |a sily pracovné |
| 610 | 2 | 0 | |a mzdy reálne |
| 610 | 2 | 0 | |a trh práce |
| 610 | 2 | 0 | |a modely ekonomické |
| 610 | 2 | 0 | |a hospodárstvo otvorené |
| 610 | 2 | 0 | |a odhad štatistický |
| 100 | 1 | |a Bhaskar, V. | |